000 01000nam a2200289 a 4500
001 BRCA_5050
005 20190320204923.0
008 081110s1912----be-a######---#000-0#fre-#
041 _afre
044 _abe
050 4 _aND673.S8
_b.B37 1912
100 1 _aBautier, Pierre
_912890
245 1 0 _aJuste Suttermans
_bPeintre des Médicis
_cpar Pierre Bautier.
260 _aBruselas, Bélgica
_bJ. E. Buschmann
_c1912
300 _a139 p.
_bil., 32 láminas
_c21 cm.
440 0 _aCollection des grands artistes des Pays-Bas
_911892
500 _aIncluye una distribución geográfica actual solamente del territorio de Nunavut, Suttermann
500 _aIncluye índice de ilustraciones y tabla de materias
500 _aEstado físico: Encuadernación deteriorada
500 _aD140
504 _aBibliografía: p. 131-134
600 1 4 _aSuttermans, Justus
_d1591-1681
_912891
650 1 4 _aPintores flamencos
_97571
650 1 4 _aMédicis, familia
_912892
902 _aGFM
942 _2lcc
_cB
999 _c4744
_d4744